Miss Jackson (Feat. LOLO) - Panic! At The Disco - All Lyrics - Statistics

General Stats
  • This quiz has been taken 50 times
  • The average score is 314 of 417
Answer Stats
Answer % Correct
I
97%
a
90%
A
90%
you,
90%
You
90%
you
90%
are
87%
Are
87%
it
87%
Jackson
87%
Jackson,
87%
Miss
87%
to
87%
Hey,
83%
it's
83%
out
83%
out)
83%
Out
83%
the
83%
The
83%
where
83%
any-
80%
anyway
80%
anyway,
80%
back
80%
but
80%
But
80%
door,
80%
her
80%
love
80%
No
80%
no
80%
(No
80%
so
80%
your
80%
be
77%
didn't
77%
is
77%
knows
77%
morning?
77%
Oh,
77%
one
77%
tomorrow
77%
and
73%
another
73%
in
73%
(In
73%
leave
73%
mark
73%
my
73%
Climbing
70%
find
70%
Found
70%
gonna
70%
nasty?
70%
one's
70%
up
70%
victim
70%
will
70%
goddamn,
67%
time
67%
from
63%
loud
63%
me
63%
tonight
63%
waking
63%
away
60%
down
60%
for
60%
might
60%
nightgown
60%
nightgown)
60%
now
60%
of
60%
scenery
60%
babe,
57%
drown
57%
isn't
57%
let
57%
Let
57%
little
57%
more
57%
picture,
57%
pretty
57%
water,
57%
flavor
53%
hoping
53%
life
53%
mouth
53%
over
53%
party
53%
put
53%
Way
53%
circles,
50%
'em
50%
sour
50%
we're
50%
bow
47%
kiss
47%
like
47%
lucky,
47%
move
47%
say
47%
face
43%
fall
43%
going
43%
Heaven,
43%
Looking
43%
catching
40%
fallout
37%
fallout)
37%
ring
37%
tragic
37%
(Tragic
37%
got
33%
something
33%
There's
33%
beautiful
30%
fire
30%
lighting
30%
watch
30%
finger,
23%
You've
23%
around
17%
dies
17%
finally
17%
wrapped
17%
till
13%
No matching quizzes found
Score Distribution
Percent of People with Each Score
Percentile by Number Answered
Your Score History
You have not taken this quiz